[Event "CZE-chT2D 2223"]
[Site "Czech Republic"]
[Date "2022.12.04"]
[Round "4.5"]
[White "Vilimek, Vit"]
[Black "Novak, Radomir"]
[Result "1-0"]
[WhiteElo "1998"]
[BlackElo "2084"]
[PlyCount "65"]
[EventDate "2022.10.16"]
[EventType "team-tourn"]
[EventRounds "11"]
[EventCountry "CZE"]
[SourceTitle "EXT 2024"]
[Source "ChessBase"]
[SourceDate "2023.10.10"]
[SourceVersion "1"]
[SourceVersionDate "2023.10.10"]
[SourceQuality "1"]
[WhiteTeam "Chotebor"]
[BlackTeam "Hradec Kralove Slavia"]
[WhiteTeamCountry "CZE"]
[BlackTeamCountry "CZE"]

1. e4 e6 2. Nf3 d5 3. e5 c5 4. b4 cxb4 5. d4 Bd7 6. a3 Qb6 7. axb4 Bxb4+ 8. c3 Bf8 9. Na3 Bc6 10. Bd3 Nd7 11. 0-0 Qc7 12. Ng5 g6 13. Qf3 Nh6 14. Qh3 Nf5 15. g4 Ng7 16. Nb5 Bxb5 17. Bxb5 h6 18. Bd2 a6 19. f4 Be7 20. Ba4 Kf8 21. f5 gxf5 22. gxf5 Nxf5 23. Nxe6+ fxe6 24. Rxf5+ exf5 25. Qxf5+ Ke8 26. e6 Qc4 27. Qf7+ Kd8 28. exd7 Qe2 29. Re1 Qg4+ 30. Kh1 Qh4 31. Qxd5 Kc7 32. Re6 Rhf8 33. Qe5+ 1-0

[Event "CZE-chT2D 1920"]
[Site "Czech Republic"]
[Date "2020.06.28"]
[Round "11.5"]
[White "Novak, Radomir"]
[Black "Sucharda, Tomas"]
[Result "1/2-1/2"]
[WhiteElo "2160"]
[BlackElo "1984"]
[PlyCount "48"]
[EventDate "2019.10.13"]
[EventType "team-tourn"]
[EventRounds "11"]
[EventCountry "CZE"]
[SourceTitle "EXT 2024"]
[Source "ChessBase"]
[SourceDate "2023.10.10"]
[SourceVersion "1"]
[SourceVersionDate "2023.10.10"]
[SourceQuality "1"]
[WhiteTeam "Hradec Kralove Slavia"]
[BlackTeam "Lipa"]
[WhiteTeamCountry "CZE"]
[BlackTeamCountry "CZE"]

1. d4 c5 2. d5 g6 3. c4 Bg7 4. e4 d6 5. Nf3 Nf6 6. Nc3 0-0 7. Be2 e6 8. 0-0 exd5 9. cxd5 Na6 10. Nd2 Nc7 11. a4 b6 12. Nc4 Rb8 13. Bf4 Nfe8 14. e5 dxe5 15. Nxe5 Bb7 16. Nc6 Bxc6 17. dxc6 Bxc3 18. Qxd8 Rxd8 19. bxc3 Ne6 20. Bh6 N8g7 21. Rad1 Rxd1 22. Rxd1 Rc8 23. Bxg7 Kxg7 24. Bf3 Kf8 1/2-1/2

[Event "CZE-chT2D 1920"]
[Site "Czech Republic"]
[Date "2020.02.23"]
[Round "9.5"]
[White "Novak, Radomir"]
[Black "Cely, Jaroslav"]
[Result "1/2-1/2"]
[WhiteElo "2160"]
[BlackElo "2024"]
[PlyCount "44"]
[EventDate "2019.10.13"]
[EventType "team-tourn"]
[EventRounds "11"]
[EventCountry "CZE"]
[SourceTitle "EXT 2024"]
[Source "ChessBase"]
[SourceDate "2023.10.10"]
[SourceVersion "1"]
[SourceVersionDate "2023.10.10"]
[SourceQuality "1"]
[WhiteTeam "Hradec Kralove Slavia"]
[BlackTeam "Zdar nad Sazavou"]
[WhiteTeamCountry "CZE"]
[BlackTeamCountry "CZE"]

1. d4 Nf6 2. c4 e6 3. Nc3 d5 4. Bg5 Be7 5. Nf3 Nbd7 6. e3 c6 7. Bd3 dxc4 8. Bxc4 0-0 9. 0-0 Nd5 10. Bxe7 Qxe7 11. Nxd5 exd5 12. Bd3 Re8 13. Qc2 Nf8 14. Rab1 Bg4 15. Ne5 Bh5 16. Bf5 c5 17. Rbc1 cxd4 18. exd4 Bg6 19. Bxg6 hxg6 20. Qc7 Ne6 21. Qxe7 Rxe7 22. Nf3 Nf4 1/2-1/2

[Event "CZE-chT1W 1819"]
[Site "Czech Republic"]
[Date "2019.03.24"]
[Round "10.6"]
[White "Sahidi, Samir"]
[Black "Novak, Radomir"]
[Result "1-0"]
[WhiteElo "2315"]
[BlackElo "2137"]
[PlyCount "183"]
[EventDate "2018.10.21"]
[EventType "team-tourn"]
[EventRounds "11"]
[EventCountry "CZE"]
[SourceTitle "CBM 189 Extra"]
[Source "ChessBase"]
[SourceDate "2019.06.03"]
[SourceVersion "1"]
[SourceVersionDate "2019.06.03"]
[SourceQuality "1"]
[WhiteTeam "Praha DP Tarok"]
[BlackTeam "Hradec Kralove"]
[WhiteTeamCountry "CZE"]
[BlackTeamCountry "CZE"]

1. e4 e6 2. d4 d5 3. Nd2 Nf6 4. e5 Nfd7 5. f4 g6 6. Ngf3 c5 7. c3 Nc6 8. dxc5 Nxc5 9. Nb3 Nxb3 10. axb3 Bd7 11. Be3 a6 12. b4 Be7 13. Bd3 Na7 14. Nd4 Nc6 15. 0-0 f5 16. exf6 Bxf6 17. Be2 0-0 18. Bg4 Re8 19. Nxc6 Bxc6 20. Bd4 e5 21. fxe5 Bxe5 22. Bf3 Qc7 23. h3 Rad8 24. Qd2 Bg3 25. Qg5 Be5 26. Rad1 Bxd4+ 27. Rxd4 Re5 28. Qg3 Qe7 29. Kh2 b5 30. Rf4 Re3 31. Qf2 Qe5 32. Qg3 Kg7 33. Rg4 Qxg3+ 34. Rxg3 Re5 35. Rg4 Bb7 36. Rd4 Rd6 37. Rfd1 Kf6 38. R4d3 Ke7 39. b3 h6 40. c4 bxc4 41. bxc4 Rb6 42. cxd5 Rxb4 43. d6+ Kd7 44. Bxb7 Rxb7 45. Rf3 Rf5 46. Re3 Rf7 47. Rc1 a5 48. Re5 Kxd6 49. Rxa5 Rb6 50. Re1 Rf2 51. Ra8 Rf6 52. Rd8+ Kc7 53. Rh8 h5 54. Rh7+ Kd6 55. Rg7 Rb5 56. Re3 Rb6 57. Kg3 Rb5 58. Ra7 Rb6 59. Kh4 Rf5 60. Rae7 Kd5 61. Rd7+ Kc4 62. Re4+ Kc5 63. Ra4 Rff6 64. Rdd4 Rb3 65. Rac4+ Kb5 66. Rc8 Rb6 67. Rd5+ Ka6 68. Rcd8 Rb2 69. g3 R2b3 70. g4 Kb7 71. R8d6 hxg4 72. Rxb6+ Rxb6 73. hxg4 Kc7 74. Kg5 Rb4 75. Rd3 Rc4 76. Rg3 Rc6 77. Kh6 Kd7 78. Re3 Rd6 79. g5 Kd8 80. Kg7 Kd7 81. Kf7 Kd8 82. Rf3 Kd7 83. Rf6 Rd5 84. Kxg6 Ke7 85. Rf4 Re5 86. Kh6 Re1 87. Kg7 Re2 88. g6 Re1 89. Kg8 Re2 90. g7 Ra2 91. Rh4 Rg2 92. Kh8 1-0

[Event "CZE-chT1W 1819"]
[Site "Czech Republic"]
[Date "2018.12.09"]
[Round "4.6"]
[White "Novak, Radomir"]
[Black "Stastny, Jan"]
[Result "1-0"]
[WhiteElo "2137"]
[BlackElo "2239"]
[PlyCount "71"]
[EventDate "2018.10.21"]
[EventType "team-tourn"]
[EventRounds "11"]
[EventCountry "CZE"]
[SourceTitle "CBM 187 Extra"]
[Source "ChessBase"]
[SourceDate "2018.11.04"]
[SourceVersion "1"]
[SourceVersionDate "2018.11.04"]
[SourceQuality "1"]
[WhiteTeam "Hradec Kralove"]
[BlackTeam "Neratovice"]
[WhiteTeamCountry "CZE"]
[BlackTeamCountry "CZE"]

1. d4 Nf6 2. c4 c5 3. d5 e6 4. Nc3 exd5 5. cxd5 Bd6 6. Nf3 0-0 7. Bg5 Re8 8. e3 a6 9. a4 Bf8 10. Bd3 d6 11. Qc2 h6 12. Bh4 Nbd7 13. 0-0 g5 14. Bg3 Nh5 15. Nd2 Nxg3 16. hxg3 Bg7 17. Nc4 Ne5 18. Nxe5 Bxe5 19. a5 b5 20. axb6 Qxb6 21. Ra2 Bd7 22. Qe2 Bb5 23. Rfa1 Rab8 24. Nxb5 axb5 25. Qf3 c4 26. Bb1 Qd8 27. Qf5 Qf6 28. Qc2 Rec8 29. f4 Bxb2 30. Rxb2 b4 31. Ra7 b3 32. Qh7+ Kf8 33. fxg5 Qg7 34. Qf5 Qg6 35. Qd7 Qg7 36. Rf2 1-0

[Event "CZE-chT2D 1718"]
[Site "Czech Republic"]
[Date "2017.12.03"]
[Round "4.4"]
[White "Novak, Radomir"]
[Black "Vala, Filip"]
[Result "0-1"]
[WhiteElo "2113"]
[BlackElo "2216"]
[PlyCount "164"]
[EventDate "2017.10.15"]
[EventType "team-tourn"]
[EventRounds "11"]
[EventCountry "CZE"]
[SourceTitle "EXT 2022"]
[Source "ChessBase"]
[SourceDate "2021.10.06"]
[SourceVersion "1"]
[SourceVersionDate "2021.10.06"]
[SourceQuality "1"]
[WhiteTeam "Hradec Kralove II"]
[BlackTeam "Chotebor"]
[WhiteTeamCountry "CZE"]
[BlackTeamCountry "CZE"]

1. d4 Nf6 2. c4 g6 3. Nc3 Bg7 4. e4 d6 5. Be2 0-0 6. Nf3 e5 7. d5 a5 8. 0-0 Na6 9. Ne1 Nc5 10. f3 Nfd7 11. Be3 f5 12. Nd3 b6 13. a3 Nf6 14. Nxc5 bxc5 15. Rb1 f4 16. Bf2 g5 17. b4 axb4 18. axb4 cxb4 19. Rxb4 Rf7 20. Qb1 g4 21. Rb8 Rxb8 22. Qxb8 g3 23. hxg3 fxg3 24. Bxg3 Nh5 25. Bf2 Rf8 26. Be3 Nf4 27. Bxf4 exf4 28. Nb5 Qh4 29. Qxc7 Ba6 30. Qb6 Bxb5 31. cxb5 Bc3 32. Qf2 Qf6 33. Rd1 Bb4 34. Kf1 Bc5 35. Qe1 Qh6 36. Bc4 Qh1+ 37. Ke2 Qxg2+ 38. Kd3 Ra8 39. Bb3 Ra3 40. Kc4 Qxf3 41. Rd3 Be3 42. Qd1 Qxe4+ 43. Kc3 Qe5+ 44. Kc2 Qf5 45. Kb2 Bc5 46. Rc3 Ra8 47. Rxc5 dxc5 48. Qg1+ Kh8 49. Qxc5 Qe5+ 50. Qc3 Qxc3+ 51. Kxc3 f3 52. Kd2 Kg7 53. Bc4 Kf6 54. d6 Rd8 55. Ke3 Rxd6 56. Kxf3 Rd4 57. Be2 Rb4 58. Kg3 Kg5 59. Kf3 h5 60. Bf1 h4 61. Kg2 Kf4 62. Kh3 Kg5 63. Kg2 Rb3 64. Bc4 Rc3 65. Bd5 Rc2+ 66. Kh3 Rc5 67. Bc6 Rc3+ 68. Kh2 Kf4 69. Bd7 Rb3 70. Bc6 Kg5 71. Bd7 Rd3 72. Bc6 h3 73. b6 Kh4 74. b7 Rb3 75. Bd5 Rb2+ 76. Kg1 Kg3 77. Kf1 Rb6 78. Bc6 Rb2 79. Bd5 Kf4 80. Kg1 h2+ 81. Kf1 Ke3 82. Bc6 Rb1+ 0-1

[Event "CZE-chT2D 1617"]
[Site "Czech Republic"]
[Date "2017.03.19"]
[Round "10.6"]
[White "Svizensky, Lubos"]
[Black "Novak, Radomir"]
[Result "1/2-1/2"]
[WhiteElo "1968"]
[BlackElo "2136"]
[PlyCount "29"]
[EventDate "2016.10.09"]
[EventType "team-tourn"]
[EventRounds "11"]
[EventCountry "CZE"]
[SourceTitle "EXT 2022"]
[Source "ChessBase"]
[SourceDate "2021.10.06"]
[SourceVersion "1"]
[SourceVersionDate "2021.10.06"]
[SourceQuality "1"]
[WhiteTeam "Dalesice Pivovar"]
[BlackTeam "Hradec Kralove II"]
[WhiteTeamCountry "CZE"]
[BlackTeamCountry "CZE"]

1. c4 c6 2. d4 d5 3. cxd5 cxd5 4. Nf3 Nc6 5. Nc3 Nf6 6. Bf4 a6 7. h3 b5 8. a3 e6 9. b4 Bd6 10. Bxd6 Qxd6 11. e3 0-0 12. Be2 Bb7 13. 0-0 Rac8 14. Qb3 Nd7 15. Rfb1 1/2-1/2

[Event "CZE-chT2D 1617"]
[Site "Czech Republic"]
[Date "2016.11.13"]
[Round "3.4"]
[White "Mojzis, Jaroslav"]
[Black "Novak, Radomir"]
[Result "1/2-1/2"]
[WhiteElo "2105"]
[BlackElo "2136"]
[PlyCount "104"]
[EventDate "2016.10.09"]
[EventType "team-tourn"]
[EventRounds "11"]
[EventCountry "CZE"]
[SourceTitle "EXT 2022"]
[Source "ChessBase"]
[SourceDate "2021.10.06"]
[SourceVersion "1"]
[SourceVersionDate "2021.10.06"]
[SourceQuality "1"]
[WhiteTeam "Polabiny II"]
[BlackTeam "Hradec Kralove II"]
[WhiteTeamCountry "CZE"]
[BlackTeamCountry "CZE"]

1. Nf3 d5 2. g3 c6 3. Bg2 g6 4. 0-0 Bg7 5. c4 dxc4 6. Na3 Nd7 7. Nxc4 Ngf6 8. b3 0-0 9. Bb2 Nb6 10. Qc2 Nbd5 11. d3 h6 12. Rad1 Bg4 13. a3 Bxf3 14. Bxf3 e6 15. b4 Qe7 16. Rfe1 Rfd8 17. e4 Nb6 18. Ne3 e5 19. d4 exd4 20. Bxd4 Nfd7 21. Bxg7 Kxg7 22. Bg2 Nf8 23. Ng4 h5 24. Qc3+ f6 25. Rxd8 Qxd8 26. Ne3 Qd6 27. f4 Rd8 28. Rd1 Qe7 29. Rxd8 Qxd8 30. e5 fxe5 31. Qxe5+ Qf6 32. Qc7+ Qf7 33. Qe5+ Qf6 34. Qc7+ Qf7 35. Qxf7+ Kxf7 36. Kf2 Ne6 37. f5 Nd4 38. fxg6+ Kxg6 39. Be4+ Kf6 40. Ng2 Nb5 41. h4 Nxa3 42. Nf4 Nac4 43. Nxh5+ Ke5 44. Bf3 a5 45. bxa5 Nxa5 46. Nf4 Nd7 47. Be2 Nb3 48. Ke3 Nbc5 49. g4 Ne6 50. Nxe6 Kxe6 51. Bf3 Ne5 52. g5 Nxf3 1/2-1/2

[Event "CZE-chT1W 1415"]
[Site "Czech Republic"]
[Date "2015.03.22"]
[Round "10.8"]
[White "Novak, Radomir"]
[Black "Huttner, Milos"]
[Result "0-1"]
[WhiteElo "2135"]
[BlackElo "2065"]
[PlyCount "94"]
[EventDate "2014.10.19"]
[EventType "team-tourn"]
[EventRounds "11"]
[EventCountry "CZE"]
[SourceTitle "EXT 2016"]
[Source "ChessBase"]
[SourceDate "2015.10.08"]
[SourceVersion "1"]
[SourceVersionDate "2015.10.08"]
[SourceQuality "1"]
[WhiteTeam "Hradec Kralove"]
[BlackTeam "Karlovy Vary"]
[WhiteTeamCountry "CZE"]
[BlackTeamCountry "CZE"]

1. d4 d5 2. c4 c6 3. Nc3 Nf6 4. Nf3 e6 5. Bg5 dxc4 6. e4 b5 7. e5 h6 8. Bh4 g5 9. Nxg5 hxg5 10. Bxg5 Nbd7 11. exf6 Bb7 12. Be2 Qb6 13. Bf3 0-0-0 14. 0-0 Ne5 15. Be3 Nxf3+ 16. Qxf3 Bd6 17. g3 c5 18. Qg4 Rdg8 19. dxc5 Bxc5 20. Qf4 Rxh2 21. Kxh2 Rh8+ 22. Qh6 Rxh6+ 23. Bxh6 b4 24. Ne2 Bxf2 25. Rac1 Ba6 26. Bf4 Be3 27. Rc2 Bc5 28. Rd1 Bb5 29. Rdc1 Be3 30. Rf1 a5 31. b3 Bxf4 32. Rxf4 c3 33. Nxc3 bxc3 34. Rxc3+ Kd7 35. a4 Bc6 36. g4 e5 37. Rf1 Qd4 38. Rg3 Qd2+ 39. Kg1 Qh6 40. Rd1+ Ke6 41. Rdd3 Qxf6 42. g5 Qf5 43. Rc3 Bd5 44. Rcd3 e4 45. Rc3 Ke5 46. Rce3 Kd4 47. Kg2 Qf4 0-1

[Event "CZE-chT2D 1415"]
[Site "Czech Republic"]
[Date "2015.02.22"]
[Round "8.7"]
[White "Novak, Radomir"]
[Black "Trojan, Lubos"]
[Result "0-1"]
[WhiteElo "2135"]
[BlackElo "2018"]
[PlyCount "80"]
[EventDate "2014.11.02"]
[EventType "team-tourn"]
[EventRounds "11"]
[EventCountry "CZE"]
[SourceTitle "EXT 2022"]
[Source "ChessBase"]
[SourceDate "2021.10.06"]
[SourceVersion "1"]
[SourceVersionDate "2021.10.06"]
[SourceQuality "1"]
[WhiteTeam "Hradec Kralove II"]
[BlackTeam "Polabiny II"]
[WhiteTeamCountry "CZE"]
[BlackTeamCountry "CZE"]

1. d4 Nf6 2. c4 e6 3. Nc3 d5 4. Bg5 Be7 5. e3 c6 6. Nf3 Nbd7 7. Rc1 Qa5 8. Bd3 dxc4 9. Bxc4 Bb4 10. Bxf6 gxf6 11. 0-0 Qh5 12. Ne4 Be7 13. Ng3 Qh6 14. e4 Nb6 15. Bd3 Bd7 16. a3 Qg7 17. b4 h5 18. Qb3 h4 19. Ne2 Rg8 20. Ne1 e5 21. Kh1 Be6 22. Qc3 Rd8 23. Rg1 Bd6 24. dxe5 fxe5 25. Rd1 Qh6 26. Qc2 Rg4 27. Qc1 Qxc1 28. Rxc1 Ke7 29. f3 Rg5 30. g4 hxg3 31. Rxg3 Rh5 32. Rg2 Rh3 33. Ng3 Bc7 34. Bf1 Rhh8 35. Rf2 a6 36. Nc2 Na4 37. Ne3 Bb6 38. Ngf5+ Bxf5 39. Nxf5+ Kf6 40. Bc4 Bxf2 0-1

[Event "CZE-chT2D 1415"]
[Site "Czech Republic"]
[Date "2015.02.08"]
[Round "7.7"]
[White "Vavra, Radim"]
[Black "Novak, Radomir"]
[Result "1/2-1/2"]
[WhiteElo "2034"]
[BlackElo "2135"]
[PlyCount "84"]
[EventDate "2014.11.02"]
[EventType "team-tourn"]
[EventRounds "11"]
[EventCountry "CZE"]
[SourceTitle "EXT 2022"]
[Source "ChessBase"]
[SourceDate "2021.10.06"]
[SourceVersion "1"]
[SourceVersionDate "2021.10.06"]
[SourceQuality "1"]
[WhiteTeam "Pardubice AKIS"]
[BlackTeam "Hradec Kralove II"]
[WhiteTeamCountry "CZE"]
[BlackTeamCountry "CZE"]

1. e4 e6 2. d3 d5 3. Nd2 c5 4. Ngf3 Nc6 5. g3 Nf6 6. Bg2 Be7 7. 0-0 d4 8. a4 b6 9. Nc4 h6 10. e5 Nd5 11. Nfd2 Qc7 12. f4 Ba6 13. Ne4 Bxc4 14. dxc4 Ndb4 15. c3 dxc3 16. bxc3 Na6 17. Qg4 g6 18. Qf3 Rc8 19. Rd1 Nab8 20. g4 h5 21. g5 Na5 22. Nd6+ Bxd6 23. exd6 Qd7 24. Qe4 Nbc6 25. Be3 0-0 26. Ra2 Rfd8 27. Rad2 Nb8 28. Bh3 Rc6 29. Bg2 Rcc8 30. Ra2 Qe8 31. Bf2 Rd7 32. Rad2 Rcd8 33. Bg3 Qf8 34. Bf3 Nbc6 35. Qe2 Rxd6 36. Rxd6 Rxd6 37. Rxd6 Qxd6 38. f5 e5 39. fxg6 fxg6 40. Bd5+ Kg7 41. Qf3 Nd8 42. h4 Nac6 1/2-1/2

[Event "CZE-chT1W 1314"]
[Site "Czech Republic"]
[Date "2014.04.13"]
[Round "11.8"]
[White "Novak, Radomir"]
[Black "Blazek, Jiri"]
[Result "0-1"]
[WhiteElo "2136"]
[BlackElo "2171"]
[PlyCount "66"]
[EventDate "2013.10.20"]
[EventType "team-tourn"]
[EventRounds "11"]
[EventCountry "CZE"]
[SourceTitle "EXT 2015"]
[Source "ChessBase"]
[SourceDate "2014.11.20"]
[SourceVersion "1"]
[SourceVersionDate "2014.11.20"]
[SourceQuality "1"]
[WhiteTeam "Hradec Kralove"]
[BlackTeam "Ceske Budejovice"]
[WhiteTeamCountry "CZE"]
[BlackTeamCountry "CZE"]

1. d4 Nf6 2. c4 c5 3. d5 e6 4. Nc3 exd5 5. cxd5 d6 6. Nf3 g6 7. Nd2 Bg7 8. Nc4 0-0 9. Bf4 Ne8 10. Qd2 b6 11. Nb5 Ba6 12. a4 Bxb5 13. axb5 Nd7 14. e4 Ne5 15. Na3 f5 16. exf5 gxf5 17. Be2 Nf6 18. f3 Qd7 19. 0-0 Rae8 20. Rfe1 Kh8 21. Nb1 Rg8 22. Nc3 Qf7 23. Kh1 Qg6 24. Rg1 Nh5 25. g4 fxg4 26. Bxe5 Bxe5 27. Rxg4 Qf5 28. Raa4 Nf6 29. Rxg8+ Rxg8 30. Qe3 Nxd5 31. Qf2 Nf4 32. Bf1 Bd4 33. Qh4 Rg1# 0-1

[Event "CZE-chT2D 1314"]
[Site "Czech Republic"]
[Date "2014.02.02"]
[Round "7.4"]
[White "Novak, Radomir"]
[Black "Smutny, Jan"]
[Result "0-1"]
[WhiteElo "2136"]
[BlackElo "2170"]
[PlyCount "98"]
[EventDate "2013.11.03"]
[EventType "team-tourn"]
[EventRounds "11"]
[EventCountry "CZE"]
[SourceTitle "EXT 2016"]
[Source "ChessBase"]
[SourceDate "2015.10.08"]
[SourceVersion "1"]
[SourceVersionDate "2015.10.08"]
[SourceQuality "1"]
[WhiteTeam "Hradec Kralove II"]
[BlackTeam "Pardubice AKIS"]
[WhiteTeamCountry "CZE"]
[BlackTeamCountry "CZE"]

1. d4 d5 2. c4 c6 3. Nc3 g6 4. cxd5 cxd5 5. Nf3 Bg7 6. Qb3 Nf6 7. Bf4 a6 8. e3 0-0 9. Bxb8 Rxb8 10. Bxa6 Bf5 11. Be2 e6 12. 0-0 Ne4 13. Rfc1 h5 14. Qd1 Qb6 15. Na4 Qb4 16. a3 Qe7 17. Nb6 Rfd8 18. b4 g5 19. Nd2 g4 20. Nxe4 dxe4 21. Qb3 e5 22. d5 Qd6 23. Na4 Qxd5 24. Bc4 Qd7 25. Nc5 Qe7 26. Bd5 b6 27. Na6 Rbc8 28. b5 Bg6 29. Rc6 Kh7 30. Rxb6 Qd7 31. Nb4 Rc5 32. Rb7 Qc8 33. Bc6 Rd2 34. Rf1 Qf5 35. Qb1 h4 36. Qe1 Rb2 37. Bd7 Qg5 38. h3 f5 39. Kh2 g3+ 40. fxg3 Rc1 41. g4 Rxe1 42. Rxe1 Rd2 43. b6 fxg4 44. hxg4 Qf6 45. g5 Qxg5 46. Rg1 Bh5 47. Kh1 Bg4 48. Bxg4 Qxg4 49. Rf7 h3 0-1

[Event "CZE-chT2D 1314"]
[Site "Czech Republic"]
[Date "2014.01.05"]
[Round "5.3"]
[White "Schula, Michal"]
[Black "Novak, Radomir"]
[Result "1/2-1/2"]
[WhiteElo "2274"]
[BlackElo "2136"]
[PlyCount "66"]
[EventDate "2013.11.03"]
[EventType "team-tourn"]
[EventRounds "11"]
[EventCountry "CZE"]
[SourceTitle "EXT 2016"]
[Source "ChessBase"]
[SourceDate "2015.10.08"]
[SourceVersion "1"]
[SourceVersionDate "2015.10.08"]
[SourceQuality "1"]
[WhiteTeam "Jicin II"]
[BlackTeam "Hradec Kralove II"]
[WhiteTeamCountry "CZE"]
[BlackTeamCountry "CZE"]

1. e4 e6 2. d4 d5 3. Nd2 Nf6 4. e5 Nfd7 5. f4 c5 6. c3 Nc6 7. Ngf3 cxd4 8. cxd4 Nb6 9. a3 a5 10. b3 Bd7 11. Bd3 Be7 12. h4 h5 13. Bb2 g6 14. Ng5 Nc8 15. Ndf3 Qb6 16. Kf2 N6a7 17. Rg1 Bxg5 18. hxg5 Kf8 19. Ke3 Kg7 20. Bc2 Ne7 21. Nh4 Nac6 22. Bc3 Rac8 23. Qd2 Qc7 24. Rac1 b5 25. Bd3 Qb6 26. Bb2 Nb8 27. b4 a4 28. Rc5 Na6 29. Rxc8 Rxc8 30. Rh1 Nf5+ 31. Nxf5+ exf5 32. Rc1 Rxc1 33. Qxc1 Qc6 1/2-1/2

[Event "CZE-chT2D 1314"]
[Site "Czech Republic"]
[Date "2013.12.15"]
[Round "4.5"]
[White "Novak, Radomir"]
[Black "Melichar, Vojtech"]
[Result "1-0"]
[WhiteElo "2136"]
[BlackElo "1939"]
[PlyCount "69"]
[EventDate "2013.11.03"]
[EventType "team-tourn"]
[EventRounds "11"]
[EventCountry "CZE"]
[SourceTitle "EXT 2016"]
[Source "ChessBase"]
[SourceDate "2015.10.08"]
[SourceVersion "1"]
[SourceVersionDate "2015.10.08"]
[SourceQuality "1"]
[WhiteTeam "Hradec Kralove II"]
[BlackTeam "Polabiny III"]
[WhiteTeamCountry "CZE"]
[BlackTeamCountry "CZE"]

1. d4 Nf6 2. c4 g6 3. Nc3 Bg7 4. e4 d6 5. Nf3 0-0 6. Be2 Nbd7 7. 0-0 e5 8. d5 a5 9. Ne1 Ne8 10. Be3 f5 11. f3 Nef6 12. exf5 gxf5 13. f4 e4 14. Nc2 Nc5 15. Bd4 Qe7 16. Ne3 Bd7 17. Kh1 Rae8 18. Qd2 b6 19. Nb5 Bc8 20. b3 Kh8 21. Qc3 Rf7 22. Qc2 Rg8 23. a3 Ne8 24. b4 axb4 25. axb4 Na6 26. Qc3 Qh4 27. Na7 Bb7 28. c5 Nxc5 29. bxc5 dxc5 30. Be5 Nd6 31. Nb5 Qd8 32. Nxd6 cxd6 33. Bxg7+ Rgxg7 34. Qb2 Bc8 35. Ra8 1-0

[Event "CZE-chT2D 1314"]
[Site "Czech Republic"]
[Date "2013.11.03"]
[Round "1.5"]
[White "Novak, Radomir"]
[Black "Ptacek, Lubos"]
[Result "1/2-1/2"]
[WhiteElo "2136"]
[BlackElo "2092"]
[PlyCount "46"]
[EventDate "2013.11.03"]
[EventType "team-tourn"]
[EventRounds "11"]
[EventCountry "CZE"]
[SourceTitle "EXT 2016"]
[Source "ChessBase"]
[SourceDate "2015.10.08"]
[SourceVersion "1"]
[SourceVersionDate "2015.10.08"]
[SourceQuality "1"]
[WhiteTeam "Hradec Kralove II"]
[BlackTeam "Vysoke Myto"]
[WhiteTeamCountry "CZE"]
[BlackTeamCountry "CZE"]

1. d4 d5 2. c4 e6 3. Nc3 Nf6 4. Bg5 Be7 5. e3 c6 6. Nf3 Nbd7 7. Bd3 dxc4 8. Bxc4 Nd5 9. Bxe7 Qxe7 10. Rc1 0-0 11. 0-0 Nxc3 12. Rxc3 e5 13. dxe5 Nxe5 14. Nxe5 Qxe5 15. Qb3 Rb8 16. Rd1 Bf5 17. a4 a6 18. Qb6 Qe7 19. f3 Rfd8 20. Rcc1 h6 21. e4 Be6 22. Bxe6 fxe6 23. a5 Rd7 1/2-1/2